01053nam a22002657a 45000010005000000030006000050050017000110080041000280200017000690400029000860500009001150820013001241000027001372450090001642500041002542600034002953000040003295050007003695200279003765210018006555210018006736500034006916500030007257000032007556723FISKH20250522151539.0250522b cb ||||| |||| 00| 0 eng d a078073004997 aFISKHbengcFISKHdFISKH aB186 a 823.914 aM.Baglio, Bend(1960-) aDolphin dairies :bChasing the dream /cBen M.Baglio ; Illustrations by Judith Lawton aThis edition first published in 2002 aNew York :bScholastic,c2001 a153 pages :billustrations ;c20 cm aR  a"Jody has arrived in the Caribbean, and already she's made a new dolphin friend, Frida. But other dolphins there have been captured and taken to live in dirty, unhealthy conditions--just to entertain tourists! Jody is outraged. Can she help win freedom for these dolphins?" 8 a740 bLexile 8 aR bRaz-Plus  2Dolphin DiariesaBrown series 2YouthtimeaChapter Book C aLawton, Judithdillustrator